Eredivisie: 100+ Goals (2000-) - Statistics

General Stats
  • This quiz has been taken 15 times
  • The average score is 7 of 9
Answer Stats
Ranking Player Positions Nationality Matches Goals (assists) Periods Clubs % Correct
4 Dušan Tadić MF, FW 295 119 (132) 2010-2013, 2018-2023
100%
1 Luuk de Jong FW 337 192 (82) 2008-2011, 2014-2018, 2022-2025
100%
2 Klaas-Jan Huntelaar FW 233 156 (32) 2002-2003, 2004-2008, 2017-2021
91%
8 Mateja Kežman FW 122 104 (13) 2000-2004
82%
5 Steven Berghuis MF, FW 351 116 (93) 2010-2014, 2016-2025
82%
3 Dirk Kuyt DF, FW 264 142 (74) 2000-2005, 2015-2017
73%
7 Bryan Linssen MF, FW 356 112 (39) 2010-2021, 2024-2025
64%
6 Blaise Nkufo FW 223 114 (35) 2003-2010
36%
9 Matthew Amoah FW 271 103 (31) 2000-2005, 2007-2011, 2013-2014
27%
No matching quizzes found
Score Distribution
Percent of People with Each Score
Percentile by Number Answered
Your Score History
You have not taken this quiz